000
00250nam a2200097Ia 4500
001
1215305
005
20250827024548.0
008
250824s9999 xx 000 0 und d
245
0
_a
SUNA'NIN SERÇELERİ
_c
GÜLTEN DAYIOĞLU
260
_b
ALTIN KİTAPLARI
999
_c
1215305
_d
1215305